000 00651nam a22002177a 4500
003 UA-OsUOA
001 133157
007 ta
008 20181001b un ||||| |||| 00| 0 ukr d
100 _aСачовський І.
090 _a330(477)
_bС22
942 _cSA
040 _aUA-OsUOA
_bukr
_cUA-OsUOA
_dUA-OsUOA
245 _aДеякі теоретико-практичні питання вдосконалення ціноутворення в АПК
300 _aС.23-26
955 _a0
041 _aukr
080 _a330(477)
773 0 _w133155
_tЕкономіст
_dК.
_d2018
_g8
650 7 _a330 Економіка взагалі
_2UDC
999 _c415311
_d415311